[Event "ROU-chT Men Superliga 2018"]
[Site "Sovata"]
[Date "2018.12.02"]
[Round "9"]
[White "Ognean, Mihnea-Ionut"]
[Black "Daianu, Cristian-Clement"]
[Result "1/2-1/2"]
[WhiteElo "2291"]
[BlackElo "2166"]
[Annotator "TA"]
[PlyCount "133"]
[EventDate "2018.11.24"]
[EventType "team-tourn"]
[EventCountry "ROU"]
[SourceTitle "playchess.com"]
[Source "ChessBase"]
[SourceQuality "1"]

{[%evp 22,133,61,65,59,46,72,46,75,73,89,95,96,95,77,74,79,79,90,90,85,66,98,60,68,65,71,69,58,64,57,45,28,28,54,54,62,62,62,62,62,62,62,62,62,62,62,62,62,62,104,110,116,116,116,104,112,112,112,62,62,62,62,62,62,62,116,62,62,62,72,62,112,61,104,0,116,54,54,54,54,0,116,0,116,116,116,62,146,116,116,0,146,62,116,80,116,62,116,62,80,62,116,116,146,146,153,146,153,153,154,80,147,0]} 1. d4 Nf6 2. c4 g6 3. Nc3 d5 4. cxd5 Nxd5 5. e4 Nxc3 6. bxc3 Bg7 7. Nf3 c5 8. Be3 Nc6 9. Rc1 Qa5 {D85: Exchange Grünfeld: Unusual White 7th moves and lines with 7 Nf3} 10. d5 Ne5 11. Nxe5 Bxe5 12. Qd2 {LiveBook: 4 Games} Bg7 $146 ({Predecessor:} 12... O-O 13. Be2 e6 14. O-O exd5 15. Qxd5 Bg7 16. Qxc5 Qxa2 17. Bc4 {1-0 (27) Matlakov,M (2689)-Baron,T (2515) Saint-Quentin 2014}) 13. Bd3 O-O 14. c4 Qc7 15. O-O e5 16. Rb1 Bd7 17. Rb2 f5 18. f3 b6 19. Bc2 f4 20. Bf2 g5 21. Qd1 Rad8 22. Ba4 Rf6 23. Bxd7 Rxd7 24. a4 a5 25. g4 h5 26. h3 Rh6 27. Be1 hxg4 28. hxg4 Bf8 29. Rh2 Rdh7 30. Rff2 Be7 31. Rxh6 (31. Qb3 {keeps more tension.} Bd8 32. Rxh6 Rxh6 33. Kf1 Qh7 34. Ke2) 31... Rxh6 32. Rh2 Rxh2 33. Kxh2 Qd7 34. Kg2 Bd6 35. Bc3 Qh7 36. Qb1 Qc7 37. Qb5 {[#] Hoping for Qe8+.} Kf7 38. Bd2 Kf8 39. Qb1 Kg7 40. Qh1 Qf7 41. Bc3 Bc7 42. Qa1 Qe7 43. Qb1 Kf7 (43... Qd7 $14) 44. Qb2 (44. Qh1 $16) 44... Kf8 $14 45. Qb5 Qe8 46. Qa6 Qb8 47. Ba1 (47. Kf1 $16) 47... Bd6 48. Bc3 (48. Bb2 $16) 48... Qc7 (48... Bc7 $1 $11) 49. Qa8+ (49. Kf1 $16) 49... Qb8 $1 {[%cal Rb8a8]} 50. Qc6 {[#] And now Qd7 would win.} Qc7 51. Qb5 (51. Qxc7 $14 Bxc7 52. Bb2) 51... Kf7 $16 52. Qb1 (52. Kf2 $16) 52... Kg7 (52... Kg8 $1 $11 {remains equal.}) 53. Qh1 $36 {[%mdl 2048] Black is under strong pressure.} Qf7 54. Kf2 ({Better is} 54. Qa1 $16 Qc7 55. Qb2) 54... Qe7 (54... Qe8 $14) 55. Qb1 Qc7 56. Kg2 (56. Qb2 $16) 56... Kf7 (56... Kg8 $1 $11 {keeps the balance.}) 57. Qb5 (57. Qh1 $16) 57... Kf8 (57... Ke7 $14) 58. Kg1 Kf7 59. Qb2 (59. Kf1 $16) 59... Kg7 ({Black should play} 59... Qd7 $1 $14) 60. Kh2 (60. Kf1 $16) 60... Kf7 61. Kg2 Kg7 (61... Qb8 $14) 62. Kg1 Kf7 63. Qh2 {Threatens to win with Qh5+.} Kg7 64. Qh5 Qe7 65. Kg2 Qd8 66. Be1 (66. Kf1 $142) 66... Qe7 (66... Be7 $142 67. Bc3 Bd6) 67. Bc3 {Precision: White = 48%, Black = 47%.} ({White should try} 67. Kf2 $16) 1/2-1/2

[Event "ROU-chT Men Superliga 2018"]
[Site "Sovata"]
[Date "2018.12.02"]
[Round "9"]
[White "Dicu, Razvan-Stefan"]
[Black "Moldovan, Daniel"]
[Result "1/2-1/2"]
[WhiteElo "2274"]
[BlackElo "2406"]
[Annotator "TA"]
[PlyCount "23"]
[EventDate "2018.11.24"]
[EventType "team-tourn"]
[EventCountry "ROU"]
[SourceTitle "playchess.com"]
[Source "ChessBase"]
[SourceQuality "1"]

{[%evp 20,23,33,34,33,33]} 1. d4 Nf6 2. Bf4 e6 3. e3 c5 4. c3 b6 5. Nd2 Bb7 6. h3 Be7 7. Ngf3 cxd4 {A47: 1 d4 Nf6 2 Nf3 b6: Torre, London and Colle Systems} (7... O-O 8. Bd3 d6 9. O-O Nc6 10. Bh2 Re8 11. a3 Bf8 12. Qe2 g6 13. Rfd1 a6 14. e4 d5 15. e5 Nd7 16. Bf4 b5 17. Qe3 Rc8 {0-1 (48) Grachev,B (2645)-Fedoseev,V (2733) Sochi 2017}) 8. cxd4 O-O 9. Bd3 Ba6 10. Bxa6 Nxa6 11. O-O {LiveBook: 6 Games} Nb4 12. Qb3 $146 ({Predecessor:} 12. a3 Nbd5 13. Bg3 b5 14. Qe2 a6 15. a4 Qb6 16. axb5 axb5 {1-0 (55) Renner,C (2375)-Csonka,A (2331) Austria 2015}) 1/2-1/2

[Event "ROU-chT Men Superliga 2018"]
[Site "Sovata"]
[Date "2018.12.02"]
[Round "9"]
[White "Popescu, Daniel-Vasilica"]
[Black "Manolache, Marius"]
[Result "0-1"]
[WhiteElo "2131"]
[BlackElo "2518"]
[Annotator "TA"]
[PlyCount "54"]
[EventDate "2018.11.24"]
[EventType "team-tourn"]
[EventCountry "ROU"]
[SourceTitle "playchess.com"]
[Source "ChessBase"]
[SourceQuality "1"]

{[%evp 13,54,52,56,24,18,22,26,19,15,-58,-54,-58,-62,-58,-47,-68,-66,-98,-51,-41,-33,-142,-139,-147,-144,-139,-110,-114,-109,-125,-105,-180,-130,-236,-222,-253,-216,-220,-241,-600,-560,-1021,-1014]} 1. e4 g6 2. d4 Bg7 3. Nf3 d6 4. Nc3 c6 5. a4 Nf6 6. Be2 Bg4 7. O-O O-O {LiveBook: 67 Games} 8. Bg5 {B08: Pirc Defence: Classical System} (8. Be3 Nbd7 9. h3 Bxf3 10. Bxf3 a5 11. Be2 e5 12. Re1 Re8 13. Bf3 exd4 14. Bxd4 Nc5 15. Qd2 Qb6 16. Rad1 Rad8 17. Qc1 Qb4 18. b3 Ne6 19. Na2 Qxe1+ 20. Rxe1 Nxd4 {1-0 (58) Gagunashvili,M (2580)-Shanava,K (2557) Tbilisi 2010}) 8... d5 9. e5 $146 ({Predecessor:} 9. Qd3 dxe4 10. Nxe4 Bf5 11. Bxf6 exf6 12. Nfd2 Re8 13. Bf3 Na6 14. Rad1 Re7 15. Qc3 Qb6 {0-1 (36) Starck,B-Malich,B Magdeburg 1964}) 9... Ne8 10. Qd2 {White has an edge.} f6 {[#] White must now prevent ...Bxf3.} 11. Bh6 ({Better is} 11. Bf4 $11) 11... Bxf3 $15 12. Bxf3 fxe5 13. dxe5 Nd7 14. Bxg7 Nxg7 15. Rfe1 e6 16. Bg4 Qh4 17. h3 {[#]} ({White should try} 17. f3 $1 $15) 17... h5 $1 $36 {[%cal Rh5g4,Bh7h5,Bh5h4,Bh4g3][%mdl 2080] Keeping White busy.} 18. g3 Qe7 19. Bd1 Rf7 20. Ne2 Nxe5 21. Nf4 Qf6 22. c3 (22. Qc3 $17 d4 23. Qd2) 22... h4 23. Qe2 (23. Qd4 $17 hxg3 24. fxg3) 23... Nd7 $19 24. Bc2 g5 25. Ng2 Raf8 {[%cal Rf6f2]} 26. f4 $2 (26. gxh4 e5 27. hxg5 Qxg5 28. Qe3) 26... hxg3 27. fxg5 Qf2+ {Accuracy: White = 36%, Black = 81%.} 0-1

[Event "ROU-chT Men Superliga 2018"]
[Site "Sovata"]
[Date "2018.12.02"]
[Round "9"]
[White "Iordachescu, Sorin-Emanuel"]
[Black "Toma, Radu-Cristian"]
[Result "0-1"]
[WhiteElo "1750"]
[BlackElo "2354"]
[Annotator "NA"]
[PlyCount "64"]
[EventDate "2018.11.24"]
[EventType "team-tourn"]
[EventCountry "ROU"]
[SourceTitle "playchess.com"]
[Source "ChessBase"]
[SourceQuality "1"]
[TimeControl "40/5400+30:1800+30"]

1. d4 {[%emt 0:00:00]} Nf6 {[%emt 0:00:55]} 2. c4 {[%emt 0:00:06]} e6 {[%emt 0:00:10]} 3. Nf3 {[%emt 0:01:09]} b6 {[%emt 0:00:25]} 4. g3 {[%emt 0:01:30]} Bb4+ {[%emt 0:00:12]} 5. Bd2 {[%emt 0:00:20]} Be7 {[%emt 0:00:05]} 6. Bg2 {[%emt 0:01:10]} c6 {[%emt 0:00:06]} 7. Nc3 {[%emt 0:06:56]} d5 {[%emt 0:00:45]} 8. cxd5 {[%emt 0:03:58]} cxd5 {[%emt 0:03:12]} 9. Ne5 {[%emt 0:07:38]} O-O {[%emt 0:00:31]} 10. O-O {[%emt 0:00:04]} Bb7 {[%emt 0:05:45]} 11. Rc1 {[%emt 0:07:29]} Nfd7 {[%emt 0:03:28]} 12. f4 {[%emt 0:10:33]} Nxe5 {[%emt 0:04:46]} 13. fxe5 {[%emt 0:06:03]} Nc6 {[%emt 0:00:54] LiveBook: 3 Games} 14. e3 {[%emt 0:02:53]} Na5 {[%emt 0:23:36]} 15. Qe2 {[%emt 0:15:09]} Qd7 {[%emt 0:09:56]} 16. Rfd1 {[%emt 0:06:23]} f6 {[%emt 0:04:59]} 17. exf6 {[%emt 0:01:57]} Bxf6 {[%emt 0:00:21]} 18. Qg4 $11 {[%emt 0:04:59]} Nc4 {[%emt 0:08:39]} 19. b3 {[%emt 0:02:32]} Nb2 {[%emt 0:02:05]} 20. Rf1 {[%emt 0:01:41]} Nd3 {[%emt 0:00:35]} 21. Rb1 {[%emt 0:02:16]} a5 {[%emt 0:01:41]} 22. Ne2 {[%emt 0:02:43]} Rac8 {[%emt 0:01:15]} 23. Nc3 {[%emt 0:04:42]} Qe8 {[%emt 0:08:05]} 24. a4 {[%emt 0:01:38]} Ba6 {[%emt 0:01:57]} 25. Rfd1 {[%emt 0:03:54]} Nf2 {[%emt 0:01:48]} 26. Kxf2 {[%emt 0:01:46]} h5 {[%emt 0:01:40]} 27. Qh3 {[%emt 0:00:52]} Bxd4+ {[%emt 0:00:16]} 28. Kg1 {[%emt 0:00:34]} Bxc3 {[%emt 0:00:21]} 29. Bc1 {[%emt 0:01:04]} Be2 {[%emt 0:01:42]} 30. Ba3 {[%emt 0:00:58]} Bg4 {[%emt 0:00:51]} 31. Bxf8 {[%emt 0:01:27]} Bxh3 {[%emt 0:00:08]} 32. Bxh3 {[%emt 0:00:08]} Kxf8 {[%emt 0:00:06]} 0-1